00680nam a22002057a 4500999001900000005001700019010001500036020003100051035001400082037001300096082000800109100001500117245003900132260006900171270004200240300002900282700001900311942002200330952012200352 c182733d18273320211203111729.0 aENG-130183 a978-81-939850-1-4c2500.00 aEN-113715 bDBAD/PUB a380 aShirly, G. aCommunication Disorders:cShirly G aThiruvananthapuramc2020bNational Institute of Speech & Hearing bThiruvananthapuramaNish Roade695017 axxxii, 534p.c24cm (hbk) aSuja K Kunnath 2ddccENh380mSHI 001040708NFICaBL4bBL4d2021-12-03eDBAD/PUBg2500.00l0o380 SHIpEN-113715r2021-12-03 00:00:00t1v2500.00yEN